| 000 | 01084nam a22002897i 4500 | ||
|---|---|---|---|
| 003 | EG-GICUC | ||
| 005 | 20260427105434.0 | ||
| 008 | 260427s1954 fr ||||fr|||| 00| 0 fre d | ||
| 040 |
_aEG-GiCUC _bfre _cEG-GiCUC _dEG-GiCUC _eRda |
||
| 041 |
_afre _hfre |
||
| 082 | 0 | 4 |
_221 _a341.851 _bCE . A |
| 092 | 0 | 4 | _221 |
| 099 | _aLaw 11 341.851 CE . A 1954 | ||
| 110 | 1 |
_aCentre français de droit comparé _eAuteur |
|
| 245 | 1 | 0 |
_aAnnuaire de législation étrangère: _bcontenant des notices sur l'évolution législative dans les différents pays / _cPar Centre français de droit comparé. |
| 264 | 1 |
_aparis; _bLibrairie générale de droit et de jurisprudence, _c1954. |
|
| 300 |
_a822 page : _billustration ; _c 24 cm. |
||
| 336 |
_2rda contenu _a texte |
||
| 337 |
_2rda medias _aOrdinateur |
||
| 338 |
_2 transporteur rda _a Ressource en ligne |
||
| 504 | _aBibliography: pages 200-250. 240-220 | ||
| 650 | 1 |
_aDroit international privé _2qrmak |
|
| 651 | 1 | _2qrmak | |
| 856 | 4 | 0 | _uhttps://fll.law.cu.edu.eg/fulltext/bks/B12-01811.pdf |
| 905 | _a31 | ||
| 942 |
_2ddc _cBK _e21 _n0 |
||
| 999 |
_c73624 _d73624 |
||